LEADER 01939nam a2200337 i 4500 001 000000170558 003 CaOOAMICUS 005 20080402000000.0 008 080402s2008 gw u000 u ger u 013 $a147974 020 $a978-3-402-04076-8 040 $aSeMil$bita 100 1 $aProbst, Manfred <1939- >.$0(OLS)http://semarc/name/20286 245 10$aBesessenheit, Zauberei und ihre Heilmittel :$bDokumentation und Untersuchung von Exorzismushandbüchern des Girolamo Menghi (1523-1609) und des Maximilian von Eynatten (1574/75-1630) /$cManfred Probst ; unter Mitarbeit von Mark Reinhold, Markus Hermann und Matias Kristopeit. 260 $aMünster :$bAschendorff,$c2008. 300 $aXXIII, 302 p. ;$c23 cm. 490 0 $aLiturgiewissenschaftliche Quellen und Forschungen ;$v97 500 $aContiene : Quellen- und Literaturverzeichnis. 650 4$aEsorcismo - Sec. 16.$0(OLS)http://semarc/subject/32474 650 4$aMenghi, Girolamo - Esorcismi - Compendio.$0(OLS)http://semarc/subject/32475 650 4$aEynatten, Maximilan - Esorcismi - Compendio.$0(OLS)http://semarc/subject/32476 700 1 $aKristopeit, Matias.$0(OLS)http://semarc/name/63825 700 1 $aHermann, Markus.$0(OLS)http://semarc/name/63824 700 1 $aReinhold, Mark.$0(OLS)http://semarc/name/63823 830 0$aLiturgiewissenschaftliche Quellen und Forschungen ;$v97.$0(OLS)http://semarc/title/188 850 $aSeMil 852 $aSeMil$W1$xVenegono$y1$m3KA D 97$j223637$B121442$CSeMilBibl$Z2$F132802 $81 961 $aSottoscrizione: Aschendorff 996 $6020$a978-3-402-04076-8$9(OLS)http://semarc/number/157548 996 $6245$aBesessenheit, Zauberei und ihre Heilmittel :$bDokumentation und Untersuchung von Exorzismushandbüchern des Girolamo Menghi (1523-1609) und des Maximilian von Eynatten (1574/75-1630)$9(OLS)http://semarc/title/243952 996 $6260$aMünster :$bAschendorff$9(OLS)http://semarc/publisher/29674 LEADER 01277nam a2200253 i 4500 001 000000068720 003 CaOOAMICUS 005 20100806000000.0 008 100806s1906 it u000 u ita u 013 $a39892 040 $aSeMil$bita 100 1 $aHarnack, Adolf : von,$d<1851-1930>.$0(OLS)http://semarc/name/134 245 10$aMissione e propagazione del cristianesimo nei primi tre secoli /$cA. Harnack ; traduzione di Piero Marrucchi. 260 $aMilano [etc.] :$bFratelli Bocca,$c1906$e(Luogo di manifattura non identificato :$fVincenzo Bona,$g1906) 300 $aXIV, 591 p. ;$c25 cm. 490 0 $aBiblioteca di scienze moderne ;$v21 650 4$aCristianesimo - Storia - Origini.$0(OLS)http://semarc/subject/898 650 4$aCristianesimo - Origini - Sec. 1.-3. - Diffusione.$0(OLS)http://semarc/subject/9351 700 1 $aMarrucchi, Piero.$0(OLS)http://semarc/name/34319 830 0$aBiblioteca di scienze moderne ;$v21.$0(OLS)http://semarc/title/18414 850 $aSeMil 852 $aSeMil$W1$xVenegono$y1$m2O IV 12$j34873$B34873$CSeMilBibl$Z2$F34876 $81 996 $6245$aMissione e propagazione del cristianesimo nei primi tre secoli$9(OLS)http://semarc/title/109844 996 $6260$aMilano [etc.] :$bFratelli Bocca$9(OLS)http://semarc/publisher/36173